China's Christian martyrs / (Record no. 743)
[ view plain ]
| 000 -LEADER | |
|---|---|
| fixed length control field | 02630cam a2200349 a 4500 |
| 001 - CONTROL NUMBER | |
| control field | 214580 |
| 003 - CONTROL NUMBER IDENTIFIER | |
| control field | GBCCL |
| 005 - DATE AND TIME OF LATEST TRANSACTION | |
| control field | 20241126110345.0 |
| 008 - FIXED-LENGTH DATA ELEMENTS--GENERAL INFORMATION | |
| fixed length control field | 060331s2007 enkabc 000 0 eng |
| 016 7# - | |
| -- | 013573458 |
| -- | Uk |
| 020 ## - INTERNATIONAL STANDARD BOOK NUMBER | |
| International Standard Book Number | 9781854247629 (pbk.) |
| 020 ## - INTERNATIONAL STANDARD BOOK NUMBER | |
| International Standard Book Number | 185424762X (pbk.) |
| 020 ## - INTERNATIONAL STANDARD BOOK NUMBER | |
| International Standard Book Number | 9780825461279 (U.S.) |
| 020 ## - INTERNATIONAL STANDARD BOOK NUMBER | |
| International Standard Book Number | 0825461278 (U.S.) |
| 035 ## - SYSTEM CONTROL NUMBER | |
| System control number | (OCoLC)ocm72868885 |
| 035 ## - SYSTEM CONTROL NUMBER | |
| System control number | (OCoLC)72868885 |
| 040 ## - CATALOGING SOURCE | |
| Original cataloging agency | UKM |
| Transcribing agency | UKM |
| Modifying agency | YDXCP |
| -- | CUS |
| -- | BTCTA |
| -- | BAKER |
| -- | OCLCG |
| -- | XBE |
| -- | DTM |
| -- | LBB |
| 042 ## - | |
| -- | ukblcatcopy |
| 043 ## - | |
| -- | a-cc--- |
| 049 ## - | |
| -- | LBBK |
| 050 #4 - | |
| -- | BR1608.C6 |
| -- | H38 2007 |
| 082 04 - DEWEY DECIMAL CLASSIFICATION NUMBER | |
| Classification number | 272.0951 |
| Edition information | 22 |
| Item number | HAT |
| 090 ## - LOCALLY ASSIGNED LC-TYPE CALL NUMBER (OCLC); LOCAL CALL NUMBER (RLIN) | |
| Classification number (OCLC) (R) ; Classification number, CALL (RLIN) (NR) | BR1608.C6 |
| Local cutter number (OCLC) ; Book number/undivided call number, CALL (RLIN) | H38 2007 |
| 100 1# - MAIN ENTRY--PERSONAL NAME | |
| Personal name | Hattaway, Paul, |
| Dates associated with a name | 1968- |
| 9 (RLIN) | 978 |
| 245 10 - TITLE STATEMENT | |
| Title | China's Christian martyrs / |
| Statement of responsibility, etc. | Paul Hattaway. |
| 260 ## - PUBLICATION, DISTRIBUTION, ETC. | |
| Place of publication, distribution, etc. | Oxford : |
| Name of publisher, distributor, etc. | Monarch Books, |
| Date of publication, distribution, etc. | 2007. |
| 300 ## - PHYSICAL DESCRIPTION | |
| Extent | 492 p. : |
| Other physical details | ill., map, ports. ; |
| Dimensions | 22 cm. |
| 505 0# - FORMATTED CONTENTS NOTE | |
| Formatted contents note | pt. 1. The first thousand years. 845 to 1599 : earliest beginnings -- 1600s : a century of Catholic carnage -- 1700s : the bitter sweet century -- The great religious incident -- Slaughter in South China -- China's first Protestant martyrs -- Trouble in Guangxi and Guizhou -- The Tianjin Massacre -- Murderous monks in Tibet -- The Gutian Massacre -- Storm clouds on the horizon -- pt. 2. The Boxer Rebellion of 1900. Prelude to the summer of slaughter -- Beijing -- The Tongzhou Massacre -- Hebei province -- The Zhujiahe massacre of 3,000 Catholics -- Little Anna Wang and her family -- The Yanshan slaughter -- The Baoding massacre -- The terrible escape -- Manchuria -- Bling Chang -- Zhejiang -- Inner Mongolia -- Shanxi -- The Taiyuan massacre -- Shouyang -- Trouble at the Great Wall -- Taigu -- Peter Ogren : the man who wouldn't die -- Letters of faith and courage -- pt. 3. Bandits and Communists. 1901 to 1948 : martyrs of the bandit years -- Bloodbath in Xi'an -- Alphonso Argento : the last Boxer martyr -- Trouble among the tribes -- Caught in the crossfire -- 1925 to 1953 : the early years of Communism -- The father and son martyrs -- Sadhu Sundar Singh -- In the land of Mohammed -- John and Betty Stam -- Eric Liddel : Olympic champion and martyr -- Massacres in North China -- Thirty-three Trappist monks -- Bill Wallace -- Martyrs among the A-Hmao -- 1954 to 1982 : behind the iron curtain -- Zhu Yiming -- Molly O'Sullivan -- Watchman Nee -- Old tactics in New China -- Lilies among thorns -- House church martyrs of the 1990s -- Martyrs of the new millennium -- Into the future. |
| 520 ## - SUMMARY, ETC. | |
| Summary, etc. | Christian Library of Lancaster Collection. |
| 650 #0 - SUBJECT ADDED ENTRY--TOPICAL TERM | |
| Topical term or geographic name entry element | Christian martyrs |
| Geographic subdivision | China |
| Form subdivision | Biography. |
| 9 (RLIN) | 979 |
| 942 ## - ADDED ENTRY ELEMENTS (KOHA) | |
| Source of classification or shelving scheme | Dewey Decimal Classification |
| Koha item type | Books |
| Koha issues (borrowed), all copies | 6 |
| Withdrawn status | Lost status | Source of classification or shelving scheme | Damaged status | Not for loan | Home library | Current Library | Shelving location | Date acquired | Total checkouts | Full call number | Barcode | Date last seen | Date last checked out | Copy number | Price effective from | Koha item type |
|---|---|---|---|---|---|---|---|---|---|---|---|---|---|---|---|---|
| Dewey Decimal Classification | GRACE BIBLE COLLEGE | GRACE BIBLE COLLEGE | Church History | 2017-03-14 | 8 | 272.0951 HAT | 002273 | 2025-05-01 | 2024-11-07 | c.1 | 2017-03-14 | Books |